Príprava kompozitov s nízkou objemovou hmotnosťou na báze expandovaného perlitu.

Guardado en:
Detalles Bibliográficos
Autor principal: Bisaha, Juraj (Autor)
Otros Autores: Pavlík, Vladimír (Orientador)
Formato: Manuscrito Libro
Lenguaje:eslovaco
Publicado: 2017
Materias:
Acceso en línea:http://is.stuba.sk/zp/portal_zp.pl?podrobnosti=125035
https://opac.crzp.sk/?fn=detailBiblioForm&sid=4B7A8F8230E4921732176F8DC396
Etiquetas: Agregar Etiqueta
Sin Etiquetas, Sea el primero en etiquetar este registro!

MARC

LEADER 00000ntm a22000003a 4500
001 stuzp63461
003 SK-STU
005 20230721114033.8
007 ta
008 150427s2015----xo-----f-mn---000-0-slo-d
040 |a STU  |b slo 
041 0 |a slo 
100 1 |a Bisaha, Juraj  |u 010260  |4 aut  |U SvF Stavebná fakulta  |T SvF Katedra materiálového inžinierstva  |X 54771  |U V260  |Y 27  |7 54771 
242 0 1 |a Preparation of composites with low bulk density based on expanded perlite  |y eng 
245 1 0 |a Príprava kompozitov s nízkou objemovou hmotnosťou na báze expandovaného perlitu. 
260 |c 2017 
650 4 |a malty s nizkou objemovou hmotnostou  |2 slo 
650 4 |a expandovaný perlit  |2 slo 
650 4 |a metakaolín  |2 slo 
650 4 |a expanded perlite  |2 eng 
650 4 |a low bulk density mortars  |2 eng 
650 4 |a metakaolin  |2 eng 
700 1 |a Pavlík, Vladimír  |u 010260  |k Z1  |4 ths  |U SvF Stavebná fakulta  |T SvF Katedra materiálového inžinierstva  |X 752  |U V260  |Y 27  |7 A000000752 
856 4 |u http://is.stuba.sk/zp/portal_zp.pl?podrobnosti=125035 
856 4 |u https://opac.crzp.sk/?fn=detailBiblioForm&sid=4B7A8F8230E4921732176F8DC396